000 00216nam a22000857a 4500
008 161227b xxu||||| |||| 00| 0 eng d
100 _92159
_aSwami.M.P
245 _aMy Wall
260 _aNew Delhi
_bChildrens Book Trust
_c2011
999 _c5049
_d5049